00538nam a2200157 a 450000100100000000500170001000800410002702000150006804000250008310000340010824501380014226000550028030000210033549000120035683000120036800000432120200929151426.0090721s1998 sp 000 0 spa d a847880949x aDO-SdBNPbspacBNPHU1 aMartín Seco, Juan Francisco10aRéquiem por la soberanía popular :bdiálogos de Maquiavelo y Rousseau sobre la sociedad actual /cJuan Francisco Martín Seco. aMadrid, España :bEdiciones Temas de Hoy,c1998. a283 p. ;c22 cm.1 aEnsayos 0aEnsayos